000
00336nam a22001457a 4500
008
210301b ||||| |||| 00| 0 eng d
020
_a
0803921179
041
_a
eng
080
_a
311
082
_a
311
100
_a
55
101
_a
STA
245
_a
Qualitative Data Analysis a Source of New Methods
_c
Miles, M.B
942
_2
udc
_c
BK
999
_c
55336
_d
55336